Library Banner

ہارون الرشید اور اسکے جانشنین (Record no. 70607)

MARC details
000 -LEADER
fixed length control field 00470nam a22001457a 4500
005 - DATE AND TIME OF LATEST TRANSACTION
control field 20150429102856.0
008 - FIXED-LENGTH DATA ELEMENTS--GENERAL INFORMATION
fixed length control field 150429b xxu||||| |||| 00| 0 eng d
040 ## - CATALOGING SOURCE
Transcribing agency PK-LaUMT
082 ## - DEWEY DECIMAL CLASSIFICATION NUMBER
Classification number KHC 297.9
Item number JAF-H
100 ## - MAIN ENTRY--PERSONAL NAME
Personal name جعفر محمد بن جریرالطبری
245 ## - TITLE STATEMENT
Title ہارون الرشید اور اسکے جانشنین
Statement of responsibility, etc جعفر محمد بن جریر الطبری
260 ## - PUBLICATION, DISTRIBUTION, ETC. (IMPRINT)
Place of publication, distribution, etc کراچی
Name of publisher, distributor, etc نفیس اکیڈمی
Date of publication, distribution, etc 1968
300 ## - PHYSICAL DESCRIPTION
Extent 542 ص
942 ## - ADDED ENTRY ELEMENTS (KOHA)
Koha item type Books
Holdings
Withdrawn status Lost status Damaged status Home library Current library Date acquired Full call number Barcode Date last seen Price effective from Koha item type
      UMT Main Campus UMT Main Campus 2015-04-29 KHC 297.9 JAF-H 69982 2015-04-29 2015-04-29 Books